000 00287nam a2200121Ia 4500
008 191201s2003 xx 000 0 und d
100 _aSCHWAGER, Jack D
245 0 _aStock Market Wizards
260 _aN. Delhi
_bHarper Business
_c2003
300 _a330
650 _aNCFM
942 _2ddc
_cBK
999 _c748
_d748